LEADER 01279nam a2200253 4500 001 000000341300 003 CaOOAMICUS 005 20200730145542.0 008 200730s1784 it 000 u ita r 026 $auio- ero- toio roto (3) 1784 (R) 040 $aSeMil$bita 100 11$aCossali, Pietro,$d<1748-1815>.$0(OLS)http://semarc/name/111829 245 00$aSu l'equilibrio esterno ed interno nelle macchine aerostatiche dissertazione fisico-matematica di Pietro Cossali C.R.T. dedicata al celebre geometra Giordano Conte Riccati. 264 1$aIn Verona :$bPer gli Eredi di Marco Moroni,$c1784. 300 $a36 p. ;$c4° 500 $aSegn.: ?² A-D? 650 4$aAerostati.$0(OLS)http://semarc/subject/49362 700 1 $aMoroni, Marco eredi,$c.$0(OLS)http://semarc/name/111830 752 $aIT$dVerona 850 $aSeMil 852 $aSeMil$W1$xVenegono$y1$m3Z VI 2/14 FA$j220102$B232285$CSeMilBibl$Z2$F232285 $8I 996 $6245$aSu l'equilibrio esterno ed interno nelle macchine aerostatiche dissertazione fisico-matematica di Pietro Cossali C.R.T. dedicata al celebre geometra Giordano Conte Riccati$9(OLS)http://semarc/title/430330 996 $6264$aIn Verona :$bPer gli Eredi di Marco Moroni$9(OLS)http://semarc/publisher/38380 LEADER 00531naa a2200145 i 4500 001 000000295519 003 CaOOAMICUS 005 20180831172527.0 008 180831n xx u000 u und u 013 $a2813 040 $aSeMil$bita 100 1 $aBernal Restrepo, Sergio .$0(OLS)http://semarc/name/90566 245 12$aL'America latina. 773 0 $aBernal Restrepo, Sergio $tEtica, economia e sviluppo.$dBologna : EDB, copyr. 1994.$kEtica e società$z88-10-40951-5$w()48520 996 $6245$aL'America latina$9(OLS)http://semarc/title/371575